| 000 | 00507nam a2200181Ia 4500 | ||
|---|---|---|---|
| 999 |
_c29459 _d29459 |
||
| 003 | OSt | ||
| 005 | 20201116152053.0 | ||
| 008 | 190216s9999||||xx |||||||||||||| ||und|| | ||
| 020 | _a9788122607949 | ||
| 040 | _coclc | ||
| 082 |
_a894.8123 _bJAY/D |
||
| 100 |
_aJayakumar, K _95677 |
||
| 245 | 0 |
_aDhayanadhiyude Hrudhayam / _cK Jayakumar |
|
| 260 |
_bCurrent Books, _aThrissur: _c2009. |
||
| 300 | _a79p | ||
| 650 | _aMalayalam | ||
| 942 |
_cBK _2ddc _h894.8123 _iJAY/D _k894.8123 _mJAY/D |
||